Estatísticas para Artilheiros do São Paulo em atividade

Clique aqui para jogar o quiz

Estatísticas Gerais

  • Esse quiz foi jogado 53 vezes
  • A pontuação média é 4 de 7

Estatísticas das Respostas

GolsResposta% Correto
58 golsCalleri
98%
62 golsLuciano
98%
36 golsLucas Moura
47%
17 golsArboleda
44%
04 golsCaio Paulista
24%
05 golsDavid
24%
09 golsGaloppo
20%

Distribuição das Pontuações

Percentil de Números Respondidos

Porcentagem de Pessoas com Cada Pontuação

Sua Pontuação Histórica

Você não jogou esse quiz